Romancing the Stone (Record no. 15618)

MARC details
000 -LEADER
fixed length control field 01964ngm a2200409 4500
003 - CONTROL NUMBER IDENTIFIER
control field dpl
005 - DATE AND TIME OF LATEST TRANSACTION
control field 20080723110517.0
007 - PHYSICAL DESCRIPTION FIXED FIELD--GENERAL INFORMATION
fixed length control field DVD
008 - FIXED-LENGTH DATA ELEMENTS--GENERAL INFORMATION
fixed length control field ||||||sp199 xxu|||||c|||| 00| 0 eng d
010 ## - LIBRARY OF CONGRESS CONTROL NUMBER
LC control number DVD-000460-462
024 ## - OTHER STANDARD IDENTIFIER
Standard number or code 16209
Terms of availability 499.00
035 ## - SYSTEM CONTROL NUMBER
System control number DVD-000460-462
040 ## - CATALOGING SOURCE
Original cataloging agency DPL
Transcribing agency DPL
082 ## - DEWEY DECIMAL CLASSIFICATION NUMBER
Classification number DVD / ROMA
245 ## - TITLE STATEMENT
Title Romancing the Stone
Statement of responsibility, etc 20th Century Fox Presents
Medium [videorecording] DVD/
260 ## - PUBLICATION, DISTRIBUTION, ETC. (IMPRINT)
Name of publisher, distributor, etc 20th Century Fox Homeentertainment
300 ## - PHYSICAL DESCRIPTION
Extent 1 videodisc DVD; (106 min.) :
Other physical details sd., col. ;
Dimensions 4 3/4 in.
Type of unit DVD
440 ## - SERIES STATEMENT/ADDED ENTRY--TITLE
Title 20th Centyry Fox Home Entertainment
500 ## - GENERAL NOTE
General note Sole Distributor in India M/s. Excel Productions Autio Visuals Pvt. Ltd.
500 ## - GENERAL NOTE
General note Lots of Fun Delightful, Pure Escapism<br/>Special Features- Interactive Menus, Scene Access, Original Theatrical Trailer, Multiple Language Subtitles
538 ## - SYSTEM DETAILS NOTE
System details note Dolby Digital 5.1-English, Subtitles: English, Cantonese, Korean,Mandarin, Thai
538 ## - SYSTEM DETAILS NOTE
System details note Aspect Ratio: 1.85:1, Presentation type: Wide Screne, Presentation Size 16x9, Format DVD 9 Dual Layer Single Sided Disc.
650 ## - SUBJECT ADDED ENTRY--TOPICAL TERM
Topical term or geographic name as entry element Motion Picture
700 ## - ADDED ENTRY--PERSONAL NAME
Personal name Douglas, Michael
700 ## - ADDED ENTRY--PERSONAL NAME
Personal name Turner, Kathleen
700 ## - ADDED ENTRY--PERSONAL NAME
Personal name Zemeckis, Robert
700 ## - ADDED ENTRY--PERSONAL NAME
Personal name DeVito, Danny
700 ## - ADDED ENTRY--PERSONAL NAME
Personal name Arau, Alfonso
700 ## - ADDED ENTRY--PERSONAL NAME
Personal name Ojeda, Manuel
700 ## - ADDED ENTRY--PERSONAL NAME
Personal name Paull, Lawrence G.
700 ## - ADDED ENTRY--PERSONAL NAME
Personal name Cundey, Dean
942 ## - ADDED ENTRY ELEMENTS (KOHA)
Koha item type CD-ROMs, DVDs, VHS
Source of classification or shelving scheme Dewey Decimal Classification
Classification part DVD
Call number suffix ROMA
Holdings
Withdrawn status Lost status Source of classification or shelving scheme Damaged status Not for loan Home library Current library Date acquired Source of acquisition Cost, normal purchase price Total Checkouts Full call number Barcode Date last seen Date checked out Copy number Cost, replacement price Price effective from Koha item type
    Dewey Decimal Classification     Central Library Central Library 12/01/2009 Purchase 499.00 30 DVD ROMA DVD-000460 11/04/2018 05/04/2018 1 499.00 12/01/2009 CD-ROMs, DVDs, VHS
    Dewey Decimal Classification     Patel Nagar Patel Nagar 12/01/2009 Purchase 499.00 14 DVD ROMA DVD-000462 02/11/2015 26/10/2015 1   12/01/2009  
    Dewey Decimal Classification     Sarojini Nagar Sarojini Nagar 12/01/2009 Purchase 499.00 25 DVD ROMA DVD-000461 30/12/2016 30/12/2016 1   12/01/2009  

© Delhi Public Library
Hit Counter
free hit counter